[Event "Kiryat Ono Summer op"]
[Site "Kiryat Ono"]
[Date "2016.07.07"]
[Round "5"]
[White "Blass, Uri"]
[Black "Haimovich, Tal"]
[Result "0-1"]
[WhiteElo "2011"]
[BlackElo "2383"]
[PlyCount "76"]
[EventDate "2016.07.03"]
[EventType "swiss"]
[EventRounds "5"]
[EventCountry "ISR"]
[SourceTitle "CBM 173 Extra"]
[Source "ChessBase"]
[SourceDate "2016.08.29"]
[SourceVersion "1"]
[SourceVersionDate "2016.08.29"]
[SourceQuality "1"]

1. d4 Nf6 2. c4 d6 3. Nf3 Bf5 4. Nc3 c6 5. Bg5 Nbd7 6. e3 e5 7. Bd3 Bg4 8. 0-0 Be7 9. Be2 h6 10. Bh4 Qc7 11. h3 Bh5 12. Bg3 0-0 13. dxe5 Nxe5 14. Nxe5 Bxe2 15. Qxe2 dxe5 16. Rfd1 Bb4 17. Qc2 Bxc3 18. Qxc3 Rae8 19. Qc2 Nh5 20. Bh2 f5 21. Rd2 Rf7 22. Rad1 Qe7 23. Rd6 Qg5 24. Kh1 f4 25. e4 f3 26. Rg1 Qh4 27. g4 Nf6 28. Rg3 Nh7 29. Qd3 Ref8 30. Rd7 Rxd7 31. Qxd7 Qf6 32. Qf5 Qd6 33. Qh5 Ng5 34. Rg1 Nxe4 35. Bxe5 Nxf2+ 36. Kh2 Qd2 37. Bc3 Nxg4+ 38. Kg3 Qf4+ 0-1

[Event "Kiryat Ono Summer op"]
[Site "Kiryat Ono"]
[Date "2016.07.06"]
[Round "4"]
[White "Solomon, Asif"]
[Black "Blass, Uri"]
[Result "0-1"]
[WhiteElo "2072"]
[BlackElo "2011"]
[PlyCount "98"]
[EventDate "2016.07.03"]
[EventType "swiss"]
[EventRounds "5"]
[EventCountry "ISR"]
[SourceTitle "CBM 173 Extra"]
[Source "ChessBase"]
[SourceDate "2016.08.29"]
[SourceVersion "1"]
[SourceVersionDate "2016.08.29"]
[SourceQuality "1"]

1. d4 e6 2. c4 Bb4+ 3. Nc3 c5 4. e3 Nf6 5. Nge2 0-0 6. a3 cxd4 7. axb4 dxc3 8. Nxc3 b6 9. Be2 Bb7 10. 0-0 Qe7 11. Nb5 d5 12. b3 Rd8 13. Qe1 Nc6 14. Ba3 dxc4 15. bxc4 Ne4 16. Bf3 Ne5 17. Bxe4 Bxe4 18. f3 Bd3 19. Qc3 Bxf1 20. Rxf1 Qf6 21. c5 Rd3 22. Qc1 bxc5 23. bxc5 Nc6 24. Bb2 Qg5 25. Nd4 Nxd4 26. Bxd4 e5 27. f4 exf4 28. Rxf4 Rc8 29. Qf1 Rd2 30. Rf3 Qd5 31. Rf5 Qb3 32. Qa6 Rd1+ 33. Rf1 Rxf1+ 34. Qxf1 a5 35. h3 a4 36. Qa6 Rf8 37. c6 Qc2 38. Qb5 a3 39. Qe5 Qg6 40. c7 a2 41. Kh1 h6 42. Ba1 Rc8 43. Qd4 Qf6 44. Qd1 Qe7 45. Qg4 f5 46. Qxf5 Rxc7 47. Kh2 Rc1 48. Qd5+ Qf7 49. Qe5 Qc7 0-1

[Event "ISR-ch qual GpA"]
[Site "Kiryat Ono"]
[Date "2015.10.30"]
[Round "3"]
[White "Kravchenko, Yana"]
[Black "Blass, Uri"]
[Result "1-0"]
[WhiteElo "1994"]
[BlackElo "2006"]
[PlyCount "121"]
[EventDate "2015.10.16"]
[EventType "tourn"]
[EventRounds "10"]
[EventCountry "ISR"]
[SourceTitle "CBM 170 Extra"]
[Source "ChessBase"]
[SourceDate "2016.02.25"]
[SourceVersion "1"]
[SourceVersionDate "2016.02.25"]
[SourceQuality "1"]

1. e4 e6 2. d4 d5 3. Nd2 c5 4. c3 cxd4 5. cxd4 dxe4 6. Nxe4 Nc6 7. Nf3 Nf6 8. Nxf6+ Qxf6 9. Bb5 Bb4+ 10. Bd2 Bxd2+ 11. Qxd2 Bd7 12. 0-0 a6 13. Ba4 b5 14. Bc2 0-0 15. Rad1 Ne7 16. Ne5 Ra7 17. Rfe1 Nc6 18. Re3 Qe7 19. Nxc6 Bxc6 20. Bxh7+ Kxh7 21. Qc2+ g6 22. Qxc6 Qc7 23. Qe4 Kg7 24. h4 Rh8 25. d5 exd5 26. Qd4+ f6 27. Re6 Qf7 28. Rxf6 Qxf6 29. Qxa7+ Kh6 30. Qe3+ Kg7 31. Rxd5 Rd8 32. Rxd8 Qxd8 33. Qe5+ Kf7 34. Qf4+ Ke6 35. Qe4+ Kf6 36. Qf3+ Ke5 37. g3 Qg8 38. Qe3+ Kf5 39. a3 Qa2 40. Qg5+ Ke4 41. Qxg6+ Kd4 42. Qd6+ Ke4 43. Qc6+ Kf5 44. Qc2+ Kf6 45. h5 Qd5 46. Qg6+ Ke7 47. Qg7+ Ke8 48. Qg4 Qd2 49. Qg6+ Ke7 50. Qg7+ Ke8 51. Qe5+ Kd7 52. Kg2 b4 53. axb4 Qxb4 54. h6 Kd8 55. Qd5+ Ke7 56. b3 a5 57. h7 Qc3 58. Qg5+ Kd6 59. Qd8+ Ke6 60. h8Q Qc6+ 61. Kh2 1-0

[Event "Herzliya op"]
[Site "Herzliya"]
[Date "2008.09.12"]
[Round "9"]
[White "Blass, Uri"]
[Black "Gonshorovitz, Itay"]
[Result "1-0"]
[WhiteElo "2035"]
[BlackElo "2095"]
[PlyCount "89"]
[EventDate "2008.09.02"]
[EventType "swiss"]
[EventRounds "9"]
[EventCountry "ISR"]
[SourceTitle "CBM 126 Extra"]
[Source "ChessBase"]
[SourceDate "2008.11.05"]
[SourceVersion "1"]
[SourceVersionDate "2008.11.05"]
[SourceQuality "1"]

1. b3 e5 2. Bb2 d6 3. d4 exd4 4. Qxd4 Nc6 5. Qf4 Nf6 6. Nf3 Be7 7. e4 0-0 8. Nc3 Be6 9. 0-0-0 Nd7 10. Nd5 Bxd5 11. exd5 Nce5 12. h4 Nxf3 13. Qxf3 Bf6 14. Bxf6 Qxf6 15. Qxf6 Nxf6 16. Bd3 Rfe8 17. c4 Ng4 18. Rd2 Re7 19. f3 Nf6 20. Re2 Rxe2 21. Bxe2 Re8 22. Kd2 h5 23. Re1 g6 24. Rc1 Kg7 25. Rc3 Nd7 26. Re3 Rxe3 27. Kxe3 a5 28. Kd4 Kf6 29. Bd3 g5 30. hxg5+ Kxg5 31. Ke3 h4 32. Be2 Nf6 33. f4+ Kf5 34. Kf3 Kg6 35. Bd3+ Kh5 36. Bf5 Ng8 37. Bg4+ Kg6 38. Bc8 f5 39. Bxb7 Nf6 40. Bc8 Ne4 41. Ke3 Nc3 42. a3 Nb1 43. Kd3 Nxa3 44. Kc3 Nb1+ 45. Kc2 1-0

[Event "Herzliya op"]
[Site "Herzliya"]
[Date "2008.09.04"]
[Round "3"]
[White "Filosof, Asi"]
[Black "Blass, Uri"]
[Result "0-1"]
[WhiteElo "1981"]
[BlackElo "2035"]
[PlyCount "114"]
[EventDate "2008.09.02"]
[EventType "swiss"]
[EventRounds "9"]
[EventCountry "ISR"]
[SourceTitle "CBM 126 Extra"]
[Source "ChessBase"]
[SourceDate "2008.11.05"]
[SourceVersion "1"]
[SourceVersionDate "2008.11.05"]
[SourceQuality "1"]

1. d4 Nf6 2. Nf3 e6 3. Bf4 b6 4. e3 Bb7 5. Bd3 c5 6. c3 cxd4 7. exd4 Be7 8. Nbd2 0-0 9. 0-0 d6 10. h3 Nbd7 11. Re1 Re8 12. a4 Bc6 13. Qe2 Nf8 14. a5 bxa5 15. Nc4 a4 16. Bc2 Nd5 17. Bg3 Nb6 18. Ne3 Qd7 19. c4 Qb7 20. Rad1 Rec8 21. d5 Bd7 22. Nd4 Qc7 23. Rc1 e5 24. Ndf5 Bf6 25. h4 Ng6 26. Ng4 Bd8 27. h5 Nf8 28. c5 Qxc5 29. Nge3 Bxf5 30. Nxf5 Bg5 31. h6 Bxc1 32. Qg4 Ng6 33. Ne7+ Kf8 34. Nxc8 Qxc2 35. hxg7+ Kxg7 36. Nxd6 Bxb2 37. Nf5+ Kh8 38. Rxe5 Bxe5 39. Bxe5+ Kg8 40. Qg5 Qe4 41. Bf6 Qf4 42. Qh5 Nxd5 43. Nh6+ Qxh6 44. Qxh6 Nxf6 45. Qg5 Ne8 46. Qa5 Nf6 47. Qxa4 Kg7 48. Qd4 Re8 49. Qxa7 Re1+ 50. Kh2 Re5 51. Qd4 Rh5+ 52. Kg1 Ne5 53. Qf4 h6 54. f3 Rg5 55. Kh2 Nh5 56. Qd4 Nf6 57. g4 Nxf3+ 0-1